ბათუმის შოთა რუსთაველის სახელმწიფო უნივერსიტეტის ბიბლიოთეკა

Oxford textbook of oncology / (ბიბ.ჩანაწერი № 57374)

000 -LEADER
fixed length control field 00673cam a2200205 i 4500
001 - CONTROL NUMBER
control field 18829372
003 - CONTROL NUMBER IDENTIFIER
control field GE_BSU
005 - DATE AND TIME OF LATEST TRANSACTION
control field 20220928115337.0
008 - FIXED-LENGTH DATA ELEMENTS--GENERAL INFORMATION
fixed length control field 151023s2016 enka b 001 0 eng
020 ## - INTERNATIONAL STANDARD BOOK NUMBER
International Standard Book Number 9780199656103
020 ## - INTERNATIONAL STANDARD BOOK NUMBER
International Standard Book Number 9780198832003
080 ## - UNIVERSAL DECIMAL CLASSIFICATION NUMBER
Universal Decimal Classification number 616(075.8) O - 97
245 00 - TITLE STATEMENT
Title Oxford textbook of oncology /
Statement of responsibility, etc. edited by David J. Kerr [and three others].
250 ## - EDITION STATEMENT
Edition statement Third edition.
264 #1 - PRODUCTION, PUBLICATION, DISTRIBUTION, MANUFACTURE, AND COPYRIGHT NOTICE
Place of production, publication, distribution, manufacture Oxford, United Kingdom :
Name of producer, publisher, distributor, manufacturer Oxford University Press,
Date of production, publication, distribution, manufacture, or copyright notice 2016.
300 ## - PHYSICAL DESCRIPTION
Extent 1007 pages :
Other physical details illustrations (chiefly color) ;
Dimensions 29 cm.
653 ## - INDEX TERM--UNCONTROLLED
keyword სიმსივნე
700 1# - ADDED ENTRY--PERSONAL NAME
Personal name Kerr, David J.,
Relator term რედაქტორი
9 (RLIN) 8362
942 ## - ADDED ENTRY ELEMENTS (KOHA)
Source of classification or shelving scheme
Koha item type წიგნი
ეგზემპლარები
Withdrawn status Lost status Source of classification or shelving scheme Damaged status Not for loan Permanent Location Current Location Shelving location Date acquired Cost, normal purchase price Full call number Barcode Date last seen Copy number Price effective from Koha item type Public note
          ბათუმის შოთა რუსთაველის სახელმწიფო უნივერსიტეტის მთავარი ბიბლიოთეკა ბათუმის შოთა რუსთაველის სახელმწიფო უნივერსიტეტის მთავარი ბიბლიოთეკა წიგნსაცავი 2020-06-11 402.00 616(075.8) O - 97 60579 2020-06-11 60579 2020-06-11 წიგნი 402 gel.